Catalog

Record Details

Catalog Search



Family engagement language packs. Vocabulary. 313.1g Cover Image Equipment, games, toys Equipment, games, toys

Family engagement language packs. Vocabulary. 313.1g

Summary:

"Kids master vocabulary at home with our skill-building game"-- Container.

Record details

  • Physical Description: 1 game board, 24 opposite cards, 1 drawstring bag, 2 instruction cards ; in PVC bag (33 x 27 x 2 cm)
  • Manufacturer: Carson, CA : Lakeshore Learning Materials, [2017]

Content descriptions

Target Audience Note:
Ages 3+
Subject: Early childhood education > Activity programs.
English language > Study and teaching > Activity programs.
Vocabulary > Activity programs.
Reading readiness.
Educational games.
Genre: Realia

Available copies

  • 1 of 1 copy available at scottsboropl.

Holds

  • 0 current holds with 1 total copy.
Show Only Available Copies
Location Call Number / Copy Notes Barcode Shelving Location Status Due Date
scottsboropl REA Voc 32269001243230 STEM - Lab Available -

LDR 01815crm a2200445 i 4500
001162827
003SBPL
00520240305170613.0
008170731t20172017caunnn a gneng d
0241 . ‡a633682032887
02850. ‡aGG648
035 . ‡a(OCoLC)995850894
24500. ‡aFamily engagement language packs. ‡pVocabulary. 313.1g
2463 . ‡aVocabulary
264 3. ‡aCarson, CA : ‡bLakeshore Learning Materials, ‡c[2017]
300 . ‡a1 game board, 24 opposite cards, 1 drawstring bag, 2 instruction cards ; ‡cin PVC bag (33 x 27 x 2 cm)
336 . ‡athree-dimensional form ‡btdf ‡2rdacontent
337 . ‡aunmediated ‡bn ‡2rdamedia
338 . ‡aobject ‡bnr ‡2rdacarrier
4900 . ‡aFamily engagement language packs
520 . ‡a"Kids master vocabulary at home with our skill-building game"-- ‡cContainer.
5211 . ‡aAges 3+
650 0. ‡aEarly childhood education ‡xActivity programs.
650 0. ‡aEnglish language ‡xStudy and teaching ‡xActivity programs.
650 0. ‡aVocabulary ‡xActivity programs.
650 0. ‡aReading readiness.
650 0. ‡aEducational games.
655 0. ‡aRealia
7102 . ‡aLakeshore Learning Materials (Firm)
901 . ‡a162827 ‡bAUTOGEN ‡c162827 ‡tbiblio

Additional Resources